Monsoon (Record no. 351903)

000 -LEADER
fixed length control field 00456nam a22001937a 4500
003 - CONTROL NUMBER IDENTIFIER
control field OSt
005 - DATE AND TIME OF LATEST TRANSACTION
control field 20180116183058.0
008 - FIXED-LENGTH DATA ELEMENTS--GENERAL INFORMATION
fixed length control field 161026b xxu||||| |||| 00| 0 eng d
020 ## - INTERNATIONAL STANDARD BOOK NUMBER
International Standard Book Number 0312971540
040 ## - CATALOGING SOURCE
Transcribing agency 0
082 ## - DEWEY DECIMAL CLASSIFICATION NUMBER
Classification number 823.914 SMI 1999
100 ## - MAIN ENTRY--PERSONAL NAME
Personal name Smith,Wilbur
245 ## - TITLE STATEMENT
Title Monsoon
Statement of responsibility, etc. Wilbur Smith
260 ## - PUBLICATION, DISTRIBUTION, ETC.
Place of publication, distribution, etc. Great Britain
Name of publisher, distributor, etc. St.Martin's Paperbacks
Date of publication, distribution, etc. 1999.
300 ## - PHYSICAL DESCRIPTION
Extent 822p.
Other physical details PB.
440 ## - SERIES STATEMENT/ADDED ENTRY--TITLE
Title Monsoon
500 ## - GENERAL NOTE
General note PB.
942 ## - ADDED ENTRY ELEMENTS (KOHA)
Source of classification or shelving scheme
Koha item type Book
Holdings
Withdrawn status Lost status Source of classification or shelving scheme Damaged status Not for loan Collection code Permanent Location Current Location Shelving location Date acquired Total Checkouts Full call number Barcode Date last seen Date last checked out Price effective from Koha item type
            Central Library (CL) Central Library (CL) General Stacks 10/26/2016 1 823.914 SMI 1999 NBSD-2926 11/02/2020 10/13/2020 10/26/2016 Book
© 2023 Central Library, National University of Sciences and Technology. All Rights Reserved.